000 01539nam a22001937a 4500
999 _c58469
_d58469
005 20220324124401.0
008 220324s2021ge xxu||||| |||| 00| 0 geo d
022 _a25875191 (ბეჭდვითი) 26679817 (ელექტრონული)
041 _ageo
245 _aშედარებითი სამართლის : ქართულ - გერმანული ჟურნალი /
_bმთ.რედ : გიორგი რუსეიშვილი, ოლაფ მუთჰორსტი, ლადო სირდაძე .
260 _aთბილისი:
_bსახელმწიფოსა და სამართლის ინსტიტუტის გამომცემლობა,
_c2021.
300 _aV.
653 _aსამართალი
700 _aრუსეიშვილი, გიორგი
_c[მთავარი რედაქტორი]
_913604
700 _aმუთჰორსტი, ოლაფ
_c[მთავარი რედაქტორი]
_913605
700 _aსირდაძე, ლადო
_c[მთავარი რედაქტორი]
_913606
710 _aთინათინ წერეთლის სახელობის სახელმწიფოსა და სამართლის ინსტიტუტი გერმანისს საერთაშორისო თანამშრომლობის საზოგადოება (GIZ)].
_95583
942 _2udc
_cCR